• 首页
  • 本馆介绍
  • 公告通知
  • 最新文献
  • 馆藏检索
  • 电子资源
  • 读者导购
  • 参考咨询
  • 我的图书馆
  • 登录
  • 详细信息显示
  • 放入我的书架
  • 预约/预借图书
  • 作者相关作品
  • 分类相关作品
  • 丛书相关作品
  • 出版社相关作品

书目信息

  • 表格格式
  • 工作单格式
  • 卡片格式
题名:
广州起义
    
 
作者: 刘政 编写
分册:  
出版信息: 上海   上海人民出版社  1978
页数: 113页
开本: 19cm
丛书名:
单 册:
中图分类: K263.306
科图分类:
主题词: 广州起义(1927)--史料
电子资源:
ISBN:
000 00557nam0 2200217 45
001 0178002388
005 20060731093154.06
010    @dCNY0.23
091    @aCN@b3074.489
100    @a19950725d1978 em y0chiy0121 ea
101 0  @achi
102    @aCN@b310000
105    @af z 000yy
200 10 @a广州起义@Aguang zhou qi yi@f刘政编写
210    @a上海@c上海人民出版社@d1978
215    @a113页@c图@d19cm
606    @a广州起义(1927)@x史料
690    @aK263.306@v3
701  0 @a刘政@Aliu zheng@4编写
801  0 @aCN@bTSSF@c20060731
905    @dK263.306@e16
    
    广州起义/刘政编写.-上海:上海人民出版社,1978
    113页:图;19cm
    
    
    ISBN :CNY0.23
    
●
相关链接 在E读中查询图书 在五车中查询图书 在当当中查询图书 在豆瓣中查询图书


正题名:广州起义     索取号:K263.306/16         预约/预借

序号 登录号 条形码 馆藏地/架位号 状态 备注
1 0435119   204351192   密集书库/ [索取号:K263.306/16] 在馆    
2 0435120   204351209   密集书库/ [索取号:K263.306/16] 在馆    
3 0435121   204351218   密集书库/ [索取号:K263.306/16] 在馆    
4 0443849   204438493   密集书库/ [索取号:K263.306/16] 在馆    
唐山师范学院图书馆 欢迎您!
大连网信软件有限公司© 版权所有